| 000 | 00630nam a22002057a 4500 | ||
|---|---|---|---|
| 005 | 20250926113743.0 | ||
| 010 | _aENG-146866 | ||
| 020 |
_a9789369586363 _c699.00 |
||
| 035 | _aEN-130398 | ||
| 037 | _bDBAD | ||
| 082 |
_23 _a000 |
||
| 100 |
_aSharma, Priyanka _985222 |
||
| 245 |
_aNTA UGC NET Paper 1 2025-26/ _bPriyanka Sharma |
||
| 250 | _a3 | ||
| 260 |
_aUttar Pradesh _bS. Chand Publishing _c2025 |
||
| 270 |
_aD-92, Sector-2, Noida _bUttar Pradesh _e201301 _k61-120-4682700 |
||
| 300 |
_avpp. _c27cm(pb) |
||
| 500 | _aNET/SET/JRF/Ph.D | Teaching & Research Aptitude | ||
| 942 |
_2ddc _cEN _h000 _mSHA |
||
| 999 |
_c213470 _d213470 |
||